| 000 | 00759nas a2200253 4500 | ||
|---|---|---|---|
| 001 | BR9300879 | ||
| 003 | BR-BrBNA | ||
| 005 | 20231205100523.0 | ||
| 007 | ta | ||
| 008 | 230509b bl.|||p| |||| 00| 00por d | ||
| 040 |
_aBR-BrBNA _bpor _cBiblioteca Nacional de Agricultura |
||
| 041 | _a(Pt) | ||
| 072 | _aH20; H10 | ||
| 100 | 1 | _aCabrita, J.R.M. | |
| 111 | 1 |
_a4. Semana de Citricultura _cLimeira, SP (Brazil) _d31 May - 4 Jun 1982 |
|
| 245 | 1 | _aTratamentos fitossanitarios dos laranjais | |
| 650 | _aLaranja | ||
| 650 | _aTratamento Fitossanitario | ||
| 650 | _aPraga de Planta | ||
| 650 | _aDoenca de Planta | ||
| 773 | 0 |
_tLaranja (Brazil) _x _g(1982), v. 3 p. 215-231 _wBR9300879 |
|
| 909 |
_a202311 _bLúcia _c55 _dLúcia Elande |
||
| 942 |
_2AGRIS _n0 _cANA |
||
| 999 |
_c156452 _d156452 |
||